000 00326nam a22001217a 4500
003 OSt
005 20260127095716.0
008 260127b |||||||| |||| 00| 0 eng d
040 _cfms
100 _aKaufman(I) and MORTON(C)
_91107696
245 _aDigital Marketing Integrating Strategy Sustainability
942 _2CC
_cTB
_e2
_n0
999 _c1672560
_d1672560